Bài tập và lời giải nhiệt động lực học và vật lý thống kê
Trình bày bài tập và lời giải các bài toán về nhiệt động lực học và vật lí thống kê được sử dụng trong các trường đại học Hoa Kì
Đã lưu trong:
| 主要作者: | |
|---|---|
| 企业作者: | |
| 其他作者: | , , |
| 格式: | 图书 |
| 语言: | Vietnamese |
| 出版: |
H.
Giáo dục
2010
|
| 版: | tái bản lần 1 |
| 主题: | |
| 标签: |
添加标签
没有标签, 成为第一个标记此记录!
|
| Thư viện lưu trữ: | Mạng thư viện Đại học Đà Nẵng |
|---|
| LEADER | 02041aam a22004698a 4500 | ||
|---|---|---|---|
| 001 | 000016471 | ||
| 003 | 12873 | ||
| 005 | 20121105091156.0 | ||
| 008 | 121105s2010 viesd | ||
| 020 | |c 59500đ |d 1000b | ||
| 041 | 1 | |a vie | |
| 082 | 1 | 4 | |2 14 |a 536.7076 |b Bai |
| 100 | 1 | |a Yung Kuo Lim |e chủ biên | |
| 245 | 1 | 0 | |a Bài tập và lời giải nhiệt động lực học và vật lý thống kê |c B.s.: Yung Kuo Lim (ch.b.), trường đại học Khoa học và Công nghệ Trung Hoa (b.s); Dịch: Nguyễn Đức Bích.. |
| 246 | |a Problems and Solutions on Thermodynamics and statistical mechanics | ||
| 250 | |a tái bản lần 1 | ||
| 260 | |a H. |b Giáo dục |c 2010 | ||
| 300 | |a 401tr. |b hình vẽ |c 24cm | ||
| 500 | |a Bài tập và lời giải của các Trường Đại học nổi tiếng Hoa Kỳ | ||
| 520 | |a Trình bày bài tập và lời giải các bài toán về nhiệt động lực học và vật lí thống kê được sử dụng trong các trường đại học Hoa Kì | ||
| 534 | |a Problems and solutions on thermodynamics and statistical mechanics | ||
| 650 | 7 | |2 Bộ TK TVQG | |
| 650 | 7 | |2 Bộ TK TVQG |a Vật lí thống kê | |
| 650 | 7 | |2 Bộ TK TVQG |a Nhiệt động lực học | |
| 650 | 7 | |2 Bộ TK TVQG | |
| 650 | 7 | |2 Bộ TK TVQG | |
| 653 | |a Vật lí | ||
| 653 | |a bài tập và lời giải | ||
| 700 | 1 | |a Phạm Văn Thiều |e dịch | |
| 700 | 1 | |a Nguyễn Phúc Kỳ Thọ |e dịch | |
| 700 | 1 | |a Nguyễn Đức Bích |e dịch | |
| 710 | 2 | |a Trường đại học Khoa học và Công nghệ Trung Hoa | |
| OWN | |a LSP | ||
| AVA | |a UDN50 |b LSP |d 536.7076 Bai |e check_holdings |t Error 5003 Not defined in file expand_doc_bib_avail. |h N |k 1 | ||
| 999 | |a From the UDN01 | ||
| AVA | |a UDN50 |b LSP |d 536.7076 Bai |e available |t Error 5001 Not defined in file expand_doc_bib_avail. |f 20 |g 1 |h N |i 18 |k 1 | ||
| TYP | |a Monograph | ||
| TYP | |a Printed language | ||
| 980 | |a Mạng thư viện Đại học Đà Nẵng | ||